000 00377nam a2200145Ia 4500
008 230917s9999||||xx |||||||||||||| ||und||
040 _e46651
_aMAIN
041 _aEnglish
082 _a822.33 S15R:C
100 _aReese, M M
245 0 _aCase of majesty: A study of Shakespeare history plays
260 _aLondon
_bEdward Arnold
_c1968
300 _aix, 350 p.
942 _cBK
999 _c61195
_d61195